| 000 | 00000nam 2200000zi 4500 |
| 001 | 9.946463 |
| 003 | CaOODSP |
| 005 | 20250129101319 |
| 006 | m o d f |
| 007 | cr cn||||||||| |
| 008 | 241230t20252025onca obs f000 0 eng d |
| 020 | |a9780660751139 |
| 040 | |aCaOODSP|beng|erda|cCaOODSP |
| 043 | |an-cn--- |
| 086 | 1 |aCS11-627/2025-14E-PDF |
| 245 | 00|aHarvesting and cultural activities among Indigenous children. |
| 264 | 1|a[Ottawa] : |bStatistics Canada = Statistique Canada, |c[2025] |
| 264 | 4|c©2025 |
| 300 | |a1 online resource (1 unnumbered page) : |billustrations |
| 336 | |atext|btxt|2rdacontent |
| 337 | |acomputer|bc|2rdamedia |
| 338 | |aonline resource|bcr|2rdacarrier |
| 500 | |aCaption title. |
| 500 | |aIssued also in French under title: Les activités de récolte et culturelles chez les enfants autochtones. |
| 504 | |aIncludes bibliographical references. |
| 650 | 0|aIndigenous children|zCanada|vStatistics. |
| 655 | 7|aStatistics|2lcgft |
| 655 | 7|aInfographics|2lcgft |
| 710 | 2 |aStatistics Canada, |eissuing body. |
| 775 | 08|tLes activités de récolte et culturelles chez les enfants autochtones.|w(CaOODSP)9.946462 |
| 856 | 40|qPDF|s7.37 MB|uhttps://publications.gc.ca/collections/collection_2025/statcan/11-627-m/11-627-m2025014-eng.pdf |
| 856 | 4 |qHTML|sN/A|uhttps://www150.statcan.gc.ca/n1/pub/11-627-m/11-627-m2025014-eng.htm |